000 00468nam a2200157 4500
001 126586
003 ES-MaACL
005 20230906192838.0
007 t|
008 070214s1959 sp r ||||1| spa d
100 1 _aRequena, Fermín.
_996291
245 1 3 _aEl emirato malagueño de los Beni Hafsum /
_cFermín Requena.
260 _aAntequera :
_b[s. n.],
_c1959 (
_fGráf. San Rafael)
300 _a184 p., 6 lám. ;
_c20 cm.
852 _aES-MaACL
_jC-19106
_bR.46423
999 _c126586
_d126586